| 000 | 00633na a2200241 4500 | ||
|---|---|---|---|
| 001 | 13477 | ||
| 003 | MIRAKIL | ||
| 005 | 20181213155121.0 | ||
| 008 | 161010b tu 000 0 | ||
| 035 | _a13477 | ||
| 040 |
_aMilas _btur _cTR-AnCHP |
||
| 041 | _atur | ||
| 082 |
_a305.90816 _bB59 [t.y.] |
||
| 090 | _a305.90816 B59 [t.y.] | ||
| 245 | _aBizden biri | ||
| 260 |
_a[y.y.] _bBBC Dünya Servisi _c[t.y.] |
||
| 300 |
_a20 s. _c20 sm. |
||
| 650 | _aZihinsel engelliler | ||
| 650 | _aBedensel Engelliler | ||
| 650 |
_aEngelliler _xPolitikalar |
||
| 650 |
_aEngelliler _xSorunlar ve çözüm önerileri |
||
| 942 |
_2ddc _cBKS |
||
| 999 |
_c6847 _d6847 |
||